Regiments & Corps of the British Army - Statistics

General Stats
  • This quiz has been taken 76 times
  • The average score is 33 of 68
Answer Stats
Picture Answer % Correct
Royal Engineers
87%
Royal Military Police
87%
The Yorkshire Regiment
81%
Royal Regiment of Artillery
77%
The Life Guards
77%
The Royal Armoured Corps
77%
Intelligence Corps
74%
Royal Horse Artillery
72%
Special Air Service
70%
The Blues and Royals
70%
The Parachute Regiment
68%
The Royal Welsh
68%
The Royal Yeomanry
68%
Army Air Corps
66%
Royal Tank Regiment
66%
Small Arms School Corps
66%
The Ranger Regiment
66%
Royal Army Medical Service
62%
The Queen's Royal Hussars
62%
Coldstream Guards
60%
Royal Corps of Signals
60%
Welsh Guards
60%
The Rifles
57%
The Royal Military Academy Sandhurst
57%
Corps of Royal Electrical and Mechanical Engineers
55%
The Royal Dragoon Guards
55%
The Royal Irish Regiment
55%
The Royal Scots Dragoon Guards
55%
Royal Army Veterinary Corps
53%
Special Reconnaissance Regiment
53%
The Queen's Own Yeomanry
53%
The Royal Anglian Regiment
53%
The Royal Gurka Rifles
53%
The Royal Wessex Yeomanry
53%
Education and Training Service's Branch
51%
The Princess of Wales' Royal Regiment
51%
Military Provost Staff Corps
49%
Queen's Gurkha Engineers
49%
The Royal Lancers
49%
Army Legal Services Branch
47%
The Mercian Regiment
47%
The Royal Bermuda Regiment
45%
Military Provost Guard Service
43%
Royal Monmouthshire Royal Engineers (Militia)
43%
The Royal Regiment of Scotland
43%
The King's Gurkha Artillery Regiment
40%
The Queen's Own Gurkha Logistic Regiment
40%
Grenadier Guards
38%
Irish Guards
38%
The Duke of Lancaster's Regiment
38%
The Royal Regiment of Fusiliers
38%
The Royal Gibraltar Regiment
32%
The Royal Logistic Corps
32%
The Scottish and North Irish Yeomanry
30%
Queen's Gurka Signals
28%
The Light Dragoons
28%
Royal Army Physical Training Corps
26%
Scots Guards
23%
Honourable Artillery Company
21%
Adjutant General's Corps (Staff and Personnel Support Branch)
19%
London Guards
19%
The King's Royal Hussars
19%
General Service Corps
17%
Household Cavalry
17%
Band of the Brigade of Gurkhas
15%
1st The Queen's Dragoon Guards
13%
Royal Army Chaplain's (Christian) Department
13%
Royal Corps of Army Music
13%
No matching quizzes found
Score Distribution
Percent of People with Each Score
Percentile by Number Answered
Your Score History
You have not taken this quiz